书目信息 |
| 题名: |
中国文学八论
|
|
| 作者: | 刘麟生 主编 | |
| 分册: | ||
| 出版信息: | 北京 北京市中国书店 1985 |
|
| 页数: | 160页 | |
| 开本: | 19cm | |
| 丛书名: | ||
| 单 册: | ||
| 中图分类: | I206 , I0 | |
| 科图分类: | ||
| 主题词: | 文学理论--中国--文集 , 文学理论 | |
| 电子资源: | ||
| ISBN: | ||
| 000 | 00653nam0 2200253 45 | |
| 001 | 1539615307 | |
| 005 | 20150128082019.12 | |
| 010 | @dCNY4.30 | |
| 100 | @a19901106d1985 kemy0chiy0121 ea | |
| 101 | 0 | @achi |
| 102 | @aCN@b110000 | |
| 105 | @ay z 000yy | |
| 200 | 10 | @a中国文学八论@Azhong guo wen xue ba lun@f刘麟生主编 |
| 205 | @b影印本 | |
| 210 | @a北京@c北京市中国书店@d1985 | |
| 215 | @a160页@d19cm | |
| 300 | @a根据1936年世界书局版影印 | |
| 606 | @a文学理论@y中国@x文集 | |
| 606 | 0 | @a文学理论 |
| 690 | @aI206@v3 | |
| 690 | @aI0@v4 | |
| 701 | 0 | @a刘麟生@Aliu lin sheng@4主编 |
| 801 | 0 | @aCN@bTSSF@c20150128 |
| 905 | @aZUCC@dI0@eJY39 | |
| 中国文学八论/刘麟生主编.-影印本.-北京:北京市中国书店,1985 |
| 160页;19cm |
| 根据1936年世界书局版影印 |
| ISBN :CNY4.30 |
| ● |
| 相关链接 |
|
|
|
|
正题名:中国文学八论
索取号:I0/JY39
 
预约/预借
| 序号 | 登录号 | 条形码 | 馆藏地/架位号 | 状态 | 备注 |
| 1 | 7855787 | 278557875 | 学院路分馆/ [索取号:I0/JY39] | 在馆 |